| 000 | 00624nam a2200181 i 4500 | ||
|---|---|---|---|
| 001 | 88304 | ||
| 003 | ES-MaACL | ||
| 005 | 20230906175833.0 | ||
| 007 | t| | ||
| 008 | 050104s1971 sp ||||1| spa d | ||
| 100 | 1 |
_aLamérand, R. _969844 |
|
| 245 | 1 | 0 |
_aTeorías de la enseñanza programada y laboratorios de idiomas / _cR. Lamérand ; [traducción, Mariano Muñoz Alonso ; adaptación, Salvador García Bardón]. |
| 260 |
_a[Madrid] : _bFragua, _c1971. |
||
| 300 |
_a184 p. ; _c22 cm. |
||
| 700 | 1 |
_aMuñoz Alonso, Mariano. _984349 |
|
| 700 | 1 |
_aGarcía Bardón, Salvador. _954227 |
|
| 852 |
_aES-MaACL _jC-45659 _bR.79041 |
||
| 999 |
_c88304 _d88304 |
||